Berkongsi denyut nadi rakyat
| Main Author: | |
|---|---|
| Format: | Book |
| Published: |
Selangor :
Mashi Publications Sdn Bhd ,
2012
|
| Subjects: |
MARC
| LEADER | 00000cam a2200000 7i4500 | ||
|---|---|---|---|
| 001 | 0000077377 | ||
| 005 | 20171231.0 | ||
| 008 | 171231 | ||
| 020 | |a 9789671045428 | ||
| 090 | 0 | 0 | |a 320.9595 |b AKM |
| 100 | 1 | |a Akmar Hisham Mokhles | |
| 245 | 1 | 0 | |a Berkongsi denyut nadi rakyat |c Akmar Hisham Mokhles |
| 260 | |a Selangor : |b Mashi Publications Sdn Bhd , |c 2012 | ||
| 650 | 0 | |a Malaysia |x Politics and government | |
| 650 | 0 | |a Mohd. Najib Tun Haji Abd Razak, Dato' sri | |
| 650 | 0 | |a Prime minister |z Malaysia | |
| 999 | |a 0001462014 |b Book |c Adult Collection |e Cawangan Segamat | ||